000 00555nam a2200169Ia 4500
008 230925s9999||||xx |||||||||||||| ||und||
082 _a621.3 KAS
100 _aKashif Najeeb (328910)
_9118276
245 0 _aTechno-economic and Performance Assessment of a Hybrid Fuel Cell-based Combined Heat and Power System for a Dairy Industry /
260 _bUSPCAS-E, NUST,Islamabad :
_c2023
300 _aix, 67 p.
520 _aTH-496
650 _vMS Thesis
_918721
650 _vMS-EEP Thesis
700 _aDr. Muhammad Hassan
_9117268
942 _cTHE
_2ddc
999 _c603243
_d603243